Sports Quiz

Random Sports or Clickable Quiz
Score 0/11 Timer 02:00
0 Plays Today
% Correct
Wrigley Field
98.3%
Angel Stadium of Anaheim
97.2%
Rangers Ballpark in Arlington
96.4%
Kauffman Stadium
94.9%
Rogers Centre
91.8%
U.S. Cellular Field
89.1%
O.co Coliseum
86.7%
Progressive Field
84.7%
AT&T Park
82.8%
Minute Maid Park
81.7%
Chase Field
77.9%
Remove Ads.
Support Sporcle.
Get the best of Sporcle when you Go Orange. This ad-free experience offers more features, more stats, and more fun while also helping to support Sporcle. Thank you for becoming a member.

You're not logged in!

Compare scores with friends on all Sporcle quizzes.
OR
Log In

Show Comments

Extras

Top Quizzes Today


Score Distribution

Your Account Isn't Verified!

In order to create a playlist on Sporcle, you need to verify the email address you used during registration. Go to your Sporcle Settings to finish the process.

Report this User

Report this user for behavior that violates our Community Guidelines.

Details: